Isenção do imposto de renda dos trabalhadores da ativa em razão de doença grave / (Record no. 830)

MARC details
000 -LÍDER
Campo Fixo de Controle 00849nam a2200253 a 4500
001 - NÚMERO DE CONTROLE
Campo de Controle 830
003 - IDENTIFICAÇÃO DO NÚMERO DE CONTROLE
Campo de Controle BR-CuiBMT
005 - DATA E HORA DA ÚLTIMA ATUALIZAÇÃO
Campo de Controle 20231121004824.0
008 - DADOS FIXOS
Dados Fixos 231106s2020 mgb 000 0 por d
020 ## - INTERNATIONAL STANDARD BOOK NUMBER
Nº do ISBN 9788545007531
040 ## - AGÊNCIA CATALOGADORA
Código da Agência Catalogadora BR-CuiBMT
Agência que transcreveu o registro BR-CuiBMT
080 ## - Nº DA CLASSIFICAÇÃO DECIMAL UNIVERSAL
Nº edição CDU 2007
Nº Class. CDU 336.225.53
090 ## - NÚMERO DE CHAMADA
Nº classificação 336.225.53
Cutter N244i
Ano/Edição 2. ed.
100 1# - ENTRADA PRINCIPAL -- AUTOR PESSOAL
Nome pessoal Nascimento, Carlos Valder do,
Datas associadas ao nome 1944-
245 ## - TÍTULO PRINCIPAL
Título principal Isenção do imposto de renda dos trabalhadores da ativa em razão de doença grave /
Indicação de responsabilidade Carlos Valder do Nascimento ; introdução José Souto Maior Borges.
250 ## - EDIÇÃO
Edição 2. ed.
260 ## - PUBLICAÇÃO, DISTRIBUIÇÃO, ETC.
Local de publicação Belo Horizonte :
Editora Fórum,
Data 2020.
300 ## - DESCRIÇÃO FÍSICA
N. páginas ou volumes 118 p. :
Dimensões 21 cm
504 ## - NOTA DE BIBLIOGRAFIA, ETC.
Nota de bibliografia Inclui bibliografia.
650 ## - ASSUNTO TÓPICO
Cabeçalho tópico ou nome geográfico Imposto de renda
Subdivisão de forma Isenção
Subdivisão geográfica Brasil
650 ## - ASSUNTO TÓPICO
Cabeçalho tópico ou nome geográfico Isenção tributária
Subdivisão geográfica Brasil
650 ## - ASSUNTO TÓPICO
Cabeçalho tópico ou nome geográfico Direito tributário
Subdivisão geográfica Brasil
942 ## - ELEMENTOS DE ENTRADA ADICIONAIS (KOHA)
Fonte de classificação ou esquema de arquivamento Classificação Decimal Universal
Tipo de item do Koha Livros
Holdings
Estado: removido Estado: perdido Fonte de classificação ou esquema de arquivamento Estado: danificado Indisponível para empréstimo Localização permanente Localização atual Data de aquisição Total Checkouts Número de Chamada completo Código de barras Date last seen Número do exemplar Preço efetivo a partir de Tipo de item (Koha)
    Classificação Decimal Universal     Biblioteca da Escola Superior de Contas do TCE/MT Biblioteca da Escola Superior de Contas do TCE/MT 21/11/2023   336.225.53 N244i 2. ed. BIBTCEMT23110768 21/11/2023 Ex. 1 21/11/2023 Livros
    Classificação Decimal Universal     Biblioteca da Escola Superior de Contas do TCE/MT Biblioteca da Escola Superior de Contas do TCE/MT 21/11/2023   336.225.53 N244i 2. ed. BIBTCEMT23110769 21/11/2023 Ex. 2 21/11/2023 Livros
    Classificação Decimal Universal     Biblioteca da Escola Superior de Contas do TCE/MT Biblioteca da Escola Superior de Contas do TCE/MT 21/11/2023   336.225.53 N244i 2. ed. BIBTCEMT23110770 21/11/2023 Ex. 3 21/11/2023 Livros

Powered by Koha